| 000 | 00973cam a2200277 a 4500 | ||
|---|---|---|---|
| 999 |
_c12873 _d12873 |
||
| 001 | 16459438 | ||
| 003 | MAJU-Karachi | ||
| 005 | 20201222102727.0 | ||
| 008 | 100915s2010 ii a b 001 0 eng | ||
| 010 | _a 2010285661 | ||
| 020 | _a9780195699647 | ||
| 020 | _a0195699645 | ||
| 040 |
_aDLC _cDLC _dDLC |
||
| 042 | _apcc | ||
| 050 | 0 | 0 |
_aHF5387 _b.A578 2010 |
| 100 | 1 | _aAlbuquerque, Daniel. | |
| 245 | 1 | 0 |
_aBusiness ethics : _bprinciples and practices / _cDaniel Albuquerque. |
| 260 |
_aNew Delhi ; _aNew York : _bOxford University Press, _c2010. |
||
| 300 |
_axvii, 597 p. : _bill. ; _c24 cm. |
||
| 504 | _aIncludes bibliographical references and index. | ||
| 650 | 0 | _aBusiness ethics. | |
| 856 | 4 | 2 |
_3Publisher description _uhttp://www.loc.gov/catdir/enhancements/fy1102/2010285661-d.html |
| 906 |
_a7 _bcbc _corigres _d2 _encip _f20 _gy-gencatlg |
||
| 942 |
_2ddc _cBUSINESS |
||